Films de Spielberg par images - Mort Subite - Statistiques

Statistiques générales
  • Ce quiz a été pris 232 fois
  • Le résultat moyen est 4 sur 10
Answers on the Grid
Answers color-coded by a green-red scale on the quiz's grid according to % correct below.
 
Statistiques - réponses
Réponse % Correct
E.T. l'extra-terrestre
66%
Jurassic Park
55%
Les Dents de la mer
53%
Les Aventuriers de l'Arche perdue
51%
Il faut sauver le soldat Ryan
49%
Schindler's List
43%
Les Aventures de Tintin
43%
Minority Report
30%
Lincoln
28%
Rencontres du troisième type
22%
Aucun quiz correspondant
Distribution des résultats
% des personnes avec chaque résultat
Percentile par nombre de réponses
Votre historique - résultats
Vous n’avez pas pris ce quiz